00848nam a22002297a 4500999001500000001000600015003000900021005001700030008004100047020001500088040003800103082002500141100002600166245010400192250001200296260004700308300002800355650005100383650003100434942001200465952014100477 c1030d103015698BD-DhUAP20200202105118.0200202s2009 bg ||||| |||| 00| 0 eng d a9848470174 aBD-DhUAPbEngcBD-DhUAPdBD-DhUAP 223a346.54920432 KHA aKhan, Md. Ansar Ali.  aLand laws in Bangladesh : bwith up to-date amendment & latest decisions / cby Md. Ansar Ali Khan. a2nd ed. aDhaka :bBangladesh law book com.,cc2009. axv, 703 pages ;c23 cm. aLand tenurevLaw and legislationzBangladesh.  aReal propertyzBangladesh. 2ddccBK 00102ddc4070aUAPCLbUAPCLcGeneral Stacksd2020-02-02l2m2o346.54920432 KHAp3010015698r2026-02-05s2026-01-26t1w2020-02-02yBK